| 000 | 01702cam a2200349Ia 4500 | ||
|---|---|---|---|
| 001 | 768714001 | ||
| 003 | CO-MdFUSB | ||
| 005 | 20180622072745.0 | ||
| 008 | 130606t2013 flu 000 0dspa d | ||
| 020 | _a9781621361718 (pbk.) | ||
| 020 | _a1621361713 (pbk.) | ||
| 040 |
_aPNX _beng _cCO-MdFUSB _dOCLCQ _dYDXCP _dBTCTA _dOCLCF _dCO-MdFUSB _dOCLCO _erda |
||
| 041 | 1 |
_aspa _heng |
|
| 082 |
_224 _aG 220.9208 _bG733i |
||
| 100 | 1 |
_aGrady, J. Lee. _eautor |
|
| 245 | 0 | 4 |
_aLas intrépidas hijas de la Biblia _c/ J. Lee Grady ; traducido por Not Group |
| 246 |
_aLas intrépidas hijas de la Biblia : _bmujeres que retaron la tradición, lucharon contra la injusticia y se atrevieron a liderar |
||
| 264 | 1 |
_aLake Mary, Fla. : _bCasa Creación, _c℗[2013] |
|
| 264 | 4 | _c©2013. | |
| 300 |
_a222 pages ; _c22 cm. |
||
| 336 |
_a1 _ba1 _2rdacontent. |
||
| 337 |
_a2 _b5 _2rdamedia. |
||
| 338 |
_a2 _b5 _2rdacarrier. |
||
| 500 | _aSubtitulo en la portada | ||
| 505 | _aSara, la madre de nuestra fe -- Las cinco hijas de Zelofehad -- Rut la moabita -- Acsa, la hija de Caleb -- Ana, la madre de Samuel -- Ester, la reina de Persia -- María, la hermana de Moisés -- Débora, la jueza de Israel -- Josaba, la hija del rey Joram -- María, la madre de Jesús -- María de Betania -- La mujer samaritana -- María Magdalena, testigos de la resurrección de Cristo -- Priscila, la hija espiritual del apóstol Pablo -- Las cuatro hijas de Felipe el evangelista -- Apéndice: cómo comenzar su camino con Dios | ||
| 563 | _arústico | ||
| 630 | 0 | 7 |
_aBiblia _xCrítica, interpretación, etc. |
| 650 | 0 | _aWomen in the Bible. | |
| 650 | 7 |
_aMujeres en la Biblia _9327 |
|
| 710 |
_9806 _aNot Group |
||
| 942 | _cBK | ||
| 999 |
_c63836 _d63836 |
||